Education Inputs In Uganda: (Record no. 8958)

MARC details
000 -LEADER
fixed length control field 00549nam a22001817a 4500
003 - CONTROL NUMBER IDENTIFIER
control field OSt
005 - DATE AND TIME OF LATEST TRANSACTION
control field 20240626164806.0
008 - FIXED-LENGTH DATA ELEMENTS--GENERAL INFORMATION
fixed length control field 240626b |||||||| |||| 00| 0 eng d
020 ## - INTERNATIONAL STANDARD BOOK NUMBER
International Standard Book Number 9780821370568
040 ## - CATALOGING SOURCE
Transcribing agency MUST
082 ## - DEWEY DECIMAL CLASSIFICATION NUMBER
Classification number 370 HAH 2007
100 ## - MAIN ENTRY--PERSONAL NAME
Personal name Nannyonjo Harriet
9 (RLIN) 18137
245 ## - TITLE STATEMENT
Title Education Inputs In Uganda:
Remainder of title An Analysis of Factors Influencing Learning Achievement in grade six/
Statement of responsibility, etc. Harriet Nannyonjo
260 ## - PUBLICATION, DISTRIBUTION, ETC. (IMPRINT)
Place of publication, distribution, etc. Washington
Name of publisher, distributor, etc. The world Bank
Date of publication, distribution, etc. 2007
300 ## - PHYSICAL DESCRIPTION
Extent xv,89p
Other physical details ill.;
Dimensions 25cm.
650 ## - SUBJECT ADDED ENTRY--TOPICAL TERM
Source of heading or term Economics
942 ## - ADDED ENTRY ELEMENTS (KOHA)
Source of classification or shelving scheme Dewey Decimal Classification
Koha item type Open Shelf
Holdings
Withdrawn status Lost status Source of classification or shelving scheme Damaged status Not for loan Home library Current library Date acquired Source of acquisition Inventory number Total Checkouts Full call number Barcode Date last seen Price effective from Koha item type
    Dewey Decimal Classification     MUST Main Library MUST Main Library 26/06/2024 Donation 11/35183   370 HAH 2007 2024-21479 26/06/2024 26/06/2024 Open Shelf